000
00286nam a2200121Ia 4500
008
220204s9999 xx 000 0 und d
082
_a
576.3
_b
SCH
100
_a
Schneider, Leo
245
0
_a
You and your cells
260
_a
New York
_b
Harcourt
_c
1964
650
_a
Cytology
942
_c
BK
999
_c
20620
_d
20620